| 000 | 01269nam a22003497a 4500 | ||
|---|---|---|---|
| 003 | EG-ScBUE | ||
| 005 | 20220717102055.0 | ||
| 006 | m||||fq||h 00| 0 | ||
| 008 | 140626t2008 enkadk f 000 0 eng d | ||
| 020 | _a9780462000282 | ||
| 040 |
_aEG-ScBUE _beng _erda _cEG-ScBUE _dEG-ScBUE |
||
| 082 | 0 | 4 |
_222 _a428.0076 _bBAZ |
| 100 | 1 |
_aBazin, Anthea, _eauthor. _936017 |
|
| 245 | 1 | 0 |
_aAchieve IELTS : _bpractice test book / _cAnthea Bazin and Elaine Boyd. |
| 264 | 1 |
_aLondon : _bMarshall Cavendish Education, _c[2008] |
|
| 264 | 4 | _cc2008 | |
| 300 |
_a112 pages : _bchart, forms, tables ; _c28 cm + _e3 CD |
||
| 336 |
_2rdacontent _atext _btxt |
||
| 336 |
_2rdacontent _asounds _bsnd |
||
| 337 |
_2rdamedia _aunmediated _bn |
||
| 337 |
_2rdamedia _aaudio _bs |
||
| 338 |
_2rdacarrier _avolume _bnc |
||
| 338 |
_2rdacarrier _acomputer disc _bcd |
||
| 500 | _aContains : 4 practice tests, 2 audio CDs, key, tips on how to prepare. | ||
| 650 | 7 |
_936012 _aInternational English Language Testing System _vStudy guides. _2BUEsh |
|
| 650 | 7 |
_99157 _aEnglish language _vExaminations, questions, etc. _2BUEsh |
|
| 651 | _2BUEsh | ||
| 653 |
_cJune2014 _bHHUUEENN |
||
| 655 |
_vReading book _934232 |
||
| 700 | 1 |
_aBoyd, Elaine, _eauthor. _98258 |
|
| 942 |
_2ddc _k428.0076 BAZ TR _cBB |
||
| 999 |
_c18322 _d18294 |
||